History Quiz

Random History or Decade Quiz

550s Missing Word Quiz Stats

 Plays Quiz not verified by Sporcle

Also try: 560s Missing Word
Challenge
Share
Tweet
Embed
Score 0/26 Timer 03:00
0 Plays Today
Clue Missing Word % Correct
Buddhism is introduced in _____Japan
92.6%
Ostrogothic Kingdom ends after sixty _____Years
88.9%
Successful human flight: a manned ____Kite
86.4%
Zabergan crosses the _____ DanubeRiver
86.4%
Lombard migration to _____Italy
85.2%
Origin of Armenian ________ (30 day months)Calendar
82.7%
____ Pelagius IPope
80.2%
Wen Di succeeds his _____Uncle
80.2%
Gothic ___ (535-552)War
80.2%
____ given a numeral representation Zero
80.2%
Byzantine _____ (50 warships) are victoriousFleet
77.8%
Dome of the _____ Sophia collapsesHagia
77.8%
_____ Dugu of Northern ZhouQueen
76.5%
Clue Missing Word % Correct
Agila king of the _________Visigoths
69.1%
The ______ of the VolturnusBattle
66.7%
Abraham of Kratia (Christian ____)Monk
66.7%
Beirut destroyed by earthquake and _______Tsunami
65.4%
Fortress city of ___ Sarum capturedOld
54.3%
Jiming Temple in _______, ChinaNanjing
53.1%
______ Council of ConstantinopleSecond
51.9%
Theudebald, king of _________Austrasia
40.7%
Justinian I receives first silkworm ____Eggs
38.3%
Frankish army infected by _________Dysentery
32.1%
King Erb of _____, WalesGwent
21%
_____ Dynasty, ChinaLiang
14.8%
Wen ____ DiXuan
14.8%

You're not logged in!

Compare scores with friends on all Sporcle quizzes.
OR
Log In

You Might Also Like...

Show Comments

Extras

Created Oct 1, 2015ReportNominate
Tags:Decade Quiz, 550, A-Z, World History

Top Quizzes Today


Score Distribution

Your Account Isn't Verified!

In order to create a playlist on Sporcle, you need to verify the email address you used during registration. Go to your Sporcle Settings to finish the process.

Report this User

Report this user for behavior that violates our Community Guidelines.

Details: